| 000 | 00528nam a2200193Ia 4500 | ||
|---|---|---|---|
| 003 | GCL | ||
| 008 | 140319s9999 xx 000 0 eng d | ||
| 040 |
_aGCL / _cGCL |
||
| 082 | 0 | 4 |
_a741.2092 _bH H |
| 100 | 1 | _aHALL, A.RUPER | |
| 245 | 1 | 0 |
_aHENRY MORE AND THE SCIENTIFIC REVOLUTION / _cHALL, A.RUPER |
| 260 |
_a[S.N] : _bCAMBRIDGE UNIVERSITY PRESS ، _c1996 |
||
| 300 | _a304 P | ||
| 650 | 0 | 4 | _aPHILOSOPHERS |
| 650 | 0 | 4 | _aHENRY MORE, 1614 - 1687 |
| 650 | 0 | 4 | _aPLATONISM |
| 650 | 0 | 4 | _aPLATONISTS - ENGLAND |
| 942 |
_2ddc _cBK |
||
| 999 |
_c13600 _d13600 |
||